| 000 | 01713nam a2200397Ia 4500 | ||
|---|---|---|---|
| 001 | dia_5620 | ||
| 003 | CHAP | ||
| 005 | 20250910091302.0 | ||
| 007 | ta | ||
| 008 | 220117s1996 mx de fr 001 0 spa d | ||
| 040 |
_cCHAP _amxchpua |
||
| 090 |
_aT.C.225 _bB84 ETIPA _c1996 |
||
| 245 | 1 | 0 |
_aEstudio técnico ingenieril de la Pastera La Moderna de Occidente, S. A. de C. V. / _ccoordinador María Ofelia Buendía González ; colaboradores Mireya Flores Aguilar...[et al.] |
| 260 |
_aMéxico : _bEl autor, _c1996 |
||
| 300 |
_a92 hojas : _bgráficas, diagramas, tablas, planos |
||
| 336 |
_2rdacontent _atexto _btxt |
||
| 337 |
_2rdamedia _asin medio _bn |
||
| 338 |
_2rdacarrier _avolumen _bnc |
||
| 500 | _aEl ejemplar 2 no contiene planos | ||
| 502 |
_aViaje de Estudios _b(ETIPA) -- _cUACh. Departamento de Ingeniería Agroindustrial, _d1996 |
||
| 504 | _aBibliografía: hoja 92 | ||
| 505 | _a7 planos -- 1. Plano de distribución de extenciones (Esc. 1:250) -- 2. Plano del área administrativa (Esc. 1:250) -- 3. Plano de distribución en planta (Esc. 1:250) -- 4. Plano ruta de evacuación (Esc. 1:250) -- 5. La Moderna línea 4 -- 6. La Moderna línea 1, 2 -- 7. La Moderna línea 3, 5 | ||
| 650 | 1 | 3 |
_aPasta alimentaria _9147678 |
| 650 | 1 | 3 |
_aTrigo _xIndustria _9115042 |
| 650 | 1 | 3 |
_aFood paste _9147676 |
| 650 | 1 | 3 |
_aWheat _xIndustry _9159170 |
| 700 | 1 |
_aBuendía González, María Ofelia _9150532 _ecoordinadora |
|
| 700 | 1 |
_aFlores Aguilar, Mireya _ecolaboradora _941421 |
|
| 901 | _aT.C.225 B84 ETIPA 1996 | ||
| 902 | _aM | ||
| 905 | _a5332271996 mx enm 8223123322spa16 | ||
| 942 | _2local | ||
| 942 | _cVE | ||
| 999 |
_c176599 _d176599 |
||